00670cam a22002051 45000010005000000030008000050050017000130080039000300350018000690350019000870400031001060410008001370820018001452450161001632600037003243000030003615040020003916500030004117000023004417003BD-RjUL20211208234342.0140113s1962 xx 000 0 eng a(BD-RjUL)7045 a(OCoLC)1307482 aDLCcFMdDLCdBD-RjULbeng aeng00a007bGOS 196204aThe scientist speculates :bAn anthology of partly-baked ideas /c Irving John Good, Associate editor: Alan James Mayne; biology editor: John Maynard Smith. aNew York :bBasic Books,c 1962. a 413 p. :bill. ;c22 cm. aIncludes index. 0aLearning and scholarship. aGood, Irving John,